书目信息 |
| 题名: |
水和废水除微污染技术
|
|
| 作者: | ;郭瑾 , ...,, , 商克峰 , 郭瑾 译 ;维尔基乌强特 , 瓦尔马,热加特厄沙 编著 | |
| 分册: | ||
| 出版信息: | 北京 中国建筑工业出版社 2013.02 |
|
| 页数: | 356页 | |
| 开本: | 24cm | |
| 丛书名: | ||
| 单 册: | ||
| 中图分类: | X52 | |
| 科图分类: | ||
| 主题词: | 水污染防治--shui wu ran fang zhi | |
| 电子资源: | ||
| ISBN: | 978-7-112-14971-1 | |
| 000 | 01973nam0 2200373 450 | |
| 001 | 0100005901 | |
| 005 | 20191030102713.83 | |
| 010 | @a978-7-112-14971-1@dCNY72.00 | |
| 100 | @a20130708d2013 em y0chiy50 ea | |
| 101 | 1 | @achi@ceng |
| 102 | @aCN@b110000 | |
| 105 | @aak a 000yy | |
| 200 | 1 | @a水和废水除微污染技术@Ashui he fei shui chu wei wu ran ji shu@d= Treatment of micropollutants in water and wastewater@f维尔基乌强特,瓦尔马,热加特厄沙编著@Fwei er ji wu jiang te wa er ma re jia te e sha bian zhu@g郭瑾 ... [等] 译@Gguo jin ... [ den ] yi@zeng |
| 210 | @a北京@c中国建筑工业出版社@d2013.02 | |
| 215 | @a356页@c图@d24cm | |
| 304 | @a题名页题其余译者: 杨忆新, 商克峰, 衣春敏。 | |
| 306 | @a本书由英国TWA出版社授权翻译出版 | |
| 314 | @a责任者Virkutyte汉译姓编目员自译: 维尔基乌强特 ;责任者Varma规范汉译姓: 瓦尔马 ;责任者Jegatheesan汉译姓编目员自译: 热加特厄沙 | |
| 320 | @a有书目 (第269-356页) | |
| 330 | @a本书前10章涵盖了微污染物的核心内容:在水体中出现和迁移转化规律;应用新的传感器和生物传感器技术检测分析;生物、物理、化学处理方法以及几种技术的联用。最后,本书还提供了一个杀虫剂对水体影响的实际案例。这个案例是位于自然界珍奇之地—澳大利亚的大堡礁海域。每章内容都包括:(1)理论与背景介绍;(2)目前所掌握的知识;(3)相关领域研究成果。综上,本书既适合于水和废水处理专业技术人员,也适合市政工程、环境化学、环境工程和工艺工程的学生和研究人员。 | |
| 500 | 10 | @aTreatment of micropollutants in water and wastewater@mChinese |
| 510 | @a= Treatment of micropollutants in water and wastewater | |
| 540 | @a水和废水除微污染技术 | |
| 606 | 0 | @a水污染防治@Ashui wu ran fang zhi |
| 690 | @aX52@v5 | |
| 702 | 0 | @a郭瑾@Aguo jin@4译 |
| 702 | 0 | @a...,,@4译 |
| 702 | 0 | @a商克峰@Ashang ke feng@4译 |
| 702 | 0 | @a郭瑾@Aguo jin@4译 |
| 711 | 0 | @a维尔基乌强特@Awei er ji wu jiang te@4编著 |
| 711 | 1 | @a瓦尔马,热加特厄沙@Awa er ma , re jia te e sha@4编著 |
| 801 | @aCN@bDYGS@c20110510 | |
| 901 | @a201300 | |
| 905 | @eW535@dX52@b0918115-7@F3 | |
| 水和废水除微污染技术= Treatment of micropollutants in water and wastewater/维尔基乌强特,瓦尔马,热加特厄沙编著/郭瑾 ... [等] 译.-北京:中国建筑工业出版社,2013.02 |
| 356页:图;24cm |
| ←并列题名:= Treatment of micropollutants in water and wastewater |
| ISBN 978-7-112-14971-1:CNY72.00 |
| 本书前10章涵盖了微污染物的核心内容:在水体中出现和迁移转化规律;应用新的传感器和生物传感器技术检测分析;生物、物理、化学处理方法以及几种技术的联用。最后,本书还提供了一个杀虫剂对水体影响的实际案例。这个案例是位于自然界珍奇之地—澳大利亚的大堡礁海域。每章内容都包括:(1)理论与背景介绍;(2)目前所掌握的知识;(3)相关领域研究成果。综上,本书既适合于水和废水处理专业技术人员,也适合市政工程、环境化学、环境工程和工艺工程的学生和研究人员。 |
| ● |
| 相关链接 |
|
|
|
正题名:水和废水除微污染技术
索取号:X52/W535
 
预约/预借
| 序号 | 登录号 | 条形码 | 馆藏地/架位号 | 状态 | 备注 |
| 1 | 0918115 | 209181151 | 期刊室512/501自科库 100排2列5层/ [索取号:X52/W535] | 在馆 | |
| 2 | 0918116 | 209181160 | 期刊室512/501自科库 100排2列5层/ [索取号:X52/W535] | 在馆 | |
| 3 | 0918117 | 209181179 | 期刊室512/501自科库 100排2列5层/ [索取号:X52/W535] | 在馆 | |
| 4 | 1455559 | 214555596 | 期刊室512/501自科库 100排2列5层/ [索取号:X52/W535] | 在馆 | |
| 5 | 1455560 | 214555603 | 自科库501/501自科库 100排2列5层/ [索取号:X52/W535] | 在馆 | |
| 6 | 1455561 | 214555612 | 自科库501/501自科库 100排2列5层/ [索取号:X52/W535] | 在馆 |